Normal view
MARC view
- ثقافة إسلامية -- حسن البنا 1906-1949م -- سيد قطب 1906-1965م
Entry Topical Term
001 - CONTROL NUMBER
- control field: 7783
003 - CONTROL NUMBER IDENTIFIER
- control field: JO-AjAnu
005 - DATE AND TIME OF LATEST TRANSACTION
- control field: 20230606071546.0
008 - FIXED-LENGTH DATA ELEMENTS
- fixed length control field: 230606|| aca||aabn | a|a d
040 ## - CATALOGING SOURCE
- Original cataloging agency: JO-AjAnu
- Transcribing agency: JO-AjAnu
150 ## - HEADING--TOPICAL TERM
- Topical term or geographic name entry element: ثقافة إسلامية -- حسن البنا 1906-1949م -- سيد قطب 1906-1965م
670 ## - SOURCE DATA FOUND
- Source citation: Work cat.: (JO-AjAnu)4022: أبو فارس ، محمد عبد القادر , author 7782, منهج التغيير عند الشهيدين حسن البنا وسيد قطب